书目信息 |
| 题名: |
高级会计实务精要
|
|
| 作者: | 张连起 主编 | |
| 分册: | ||
| 出版信息: | 大连 东北财经大学出版社 2004 |
|
| 页数: | 217页 | |
| 开本: | 26cm | |
| 丛书名: | ||
| 单 册: | ||
| 中图分类: | F230 | |
| 科图分类: | ||
| 主题词: | 会计学--考核 | |
| 电子资源: | ||
| ISBN: | 7-81084-430-X | |
| 000 | 00752nam0 2200229 45 | |
| 001 | 002719741 | |
| 005 | 20050330161248.2 | |
| 010 | @a7-81084-430-X@dCNY28.00 | |
| 100 | @a20040802d2004 em y0chiy0110 ea | |
| 101 | 0 | @achi |
| 102 | @aCN@b210000 | |
| 105 | @ay z 000yy | |
| 200 | 1 | @a高级会计实务精要@Agao ji kuai ji shi wu jing yao@f张连起主编@FZhang Lian Qi Zhu Bian |
| 210 | @a大连@c东北财经大学出版社@d2004 | |
| 215 | @a217页@d26cm | |
| 300 | @a2004年度高级会计师资格考试指南 | |
| 330 | @a本书结合案例分析讲述了资产计价与减值,收入,会计政策、会计估计变更和会计差错更正等内容,并提供了同步练习题。 | |
| 606 | 0 | @a会计学@x考核 |
| 690 | @aF230@v4 | |
| 701 | 0 | @a张连起@4主编 |
| 801 | 0 | @aCN@bNLC@c20041011 |
| 905 | @f5@b346846-850@dF230@e138 | |
| 高级会计实务精要/张连起主编.-大连:东北财经大学出版社,2004 |
| 217页;26cm |
| 2004年度高级会计师资格考试指南 |
| ISBN 7-81084-430-X:CNY28.00 |
| 本书结合案例分析讲述了资产计价与减值,收入,会计政策、会计估计变更和会计差错更正等内容,并提供了同步练习题。 |
| ● |
| 相关链接 |
|
|
|
|
正题名:高级会计实务精要
索取号:F230/138
 
预约/预借
| 序号 | 登录号 | 条形码 | 馆藏地/架位号 | 状态 | 备注 |
| 1 | 0346846 | 203468461 | 第一样本阅览室/ [索取号:F230/138] | 在馆 | |
| 2 | 0346847 | 203468470 | 第一借阅区/ [索取号:F230/138] | 在馆 | |
| 3 | 0346848 | 203468489 | 第一借阅区/ [索取号:F230/138] | 在馆 | |
| 4 | 0346849 | 203468498 | 第一借阅区/ [索取号:F230/138] | 在馆 | |
| 5 | 0346850 | 203468504 | 第一借阅区/ [索取号:F230/138] | 在馆 |